Wspólczesne problemy organizacji i zarzadzania

Guardado en:
Detalles Bibliográficos
Otros Autores: Zimniewicz, Kazimierz
Formato: Libro
Lenguaje:polaco
Publicado: Poznan Wydawnictwo Akademii Ekonomicznej w Poznaniu 2006
Colección:Zeszyty naukowe 79
Materias:
Etiquetas: Agregar Etiqueta
Sin Etiquetas, Sea el primero en etiquetar este registro!

MARC

LEADER 00000nam$a2200000$$$4500
001 0051465
005 20240104135441.8
020 |a 978-83-7417-195-3 
022 |a 1641-2168 
041 0 |a pol 
044 |a PL 
245 1 0 |a Wspólczesne problemy organizacji i zarzadzania  |c redaktor naukowy: Kazimierz Zimniewicz 
264 1 |a Poznan  |b Wydawnictwo Akademii Ekonomicznej w Poznaniu  |c 2006 
300 |a 175 s. 
490 1 |a Zeszyty naukowe  |v 79 
830 0 |a Zeszyty naukowe  |v 79 
610 2 0 |a podnik 
610 2 0 |a riadenie podnikové 
610 2 0 |a zmeny organizačné 
610 2 0 |a štruktúra organizačná 
610 2 0 |a projektovanie 
610 2 0 |a riadenie projektové 
610 2 0 |a spolupráca podnikov 
610 2 0 |a ekológia 
700 1 |a Zimniewicz, Kazimierz